| 000 | 00362nam a2200121Ia 4500 | ||
|---|---|---|---|
| 008 | 230907s9999||||xx |||||||||||||| ||und|| | ||
| 082 | _a621.319,BAY | ||
| 100 |
_aBayliss, C. R. _9115285 |
||
| 245 | 0 | _aTransmission and distribution electrical engineering / | |
| 260 |
_aElsevier/ Newnes, _bOxford ; | Boston : _c2012 |
||
| 300 | _axxxiii, 1145 p. : | ||
| 942 | _cBK | ||
| 999 |
_c598010 _d598010 |
||